00323nam a2200133Ia 4500008004100000041000800041082000800049100002100057245001900078250000800097260005000105300001300155999002100168231229s2013 xx 000 0 und d aeng bJAI aJAIN (Ratan Lal) aLegal Language a5th aAllahabadbCentral Law Agency Allahabadc2013 axii, 409 c1124477d1124477